Communication in our lives / (Record no. 33110)

MARC details
000 -LEADER
fixed length control field 01248cam a2200313 i 4500
005 - DATE AND TIME OF LATEST TRANSACTION
control field 20230721095358.0
008 - FIXED-LENGTH DATA ELEMENTS--GENERAL INFORMATION
fixed length control field 160603s2018 maua b 001 0 eng
010 ## - LIBRARY OF CONGRESS CONTROL NUMBER
LC control number 2016943761
020 ## - INTERNATIONAL STANDARD BOOK NUMBER
ISBN 9781305949546
Qualifying information (paperback ;
-- student edition)
020 ## - INTERNATIONAL STANDARD BOOK NUMBER
ISBN 1305949544
Qualifying information (paperback ;
-- student edition)
040 ## - CATALOGING SOURCE
Original cataloging agency DLC
Language of cataloging eng
Description conventions rda
Transcribing agency DLC
Modifying agency DLC
042 ## - AUTHENTICATION CODE
Authentication code pcc
050 00 - LIBRARY OF CONGRESS CALL NUMBER
Classification number P90
Item number .W618 2018
082 ## - DEWEY DECIMAL CLASSIFICATION NUMBER
Classification number 302.2
Item number WOO-C
100 1# - MAIN ENTRY--AUTHOR
Author Name Wood, Julia T.,
245 10 - TITLE STATEMENT
Title Communication in our lives /
Statement of responsibility, etc. Julia T. Wood, Lineberger Distinguished Professor of Humanities Emerita, Caroline H. and Thomas S. Royster Distinguished Professor of Graduate Education Emerita, the University of North Carolina at Chapel Hill.
250 ## - EDITION STATEMENT
Edition statement Eighth edition.
260 ## - PUBLICATION, DISTRIBUTION, ETC.
Place of Publication USA
Name of publisher, distributor, etc. Cengage
Date of publication, distribution, etc. 2018
300 ## - PHYSICAL DESCRIPTION
Pages xxix, 400 pages :
336 ## - CONTENT TYPE
Content type term text
Content type code txt
Source rdacontent
337 ## - MEDIA TYPE
Media type term unmediated
Media type code n
Source rdamedia
338 ## - CARRIER TYPE
Carrier type term volume
Carrier type code nc
Source rdacarrier
504 ## - BIBLIOGRAPHY, ETC. NOTE
Bibliography, etc. note Includes bibliographical references (pages 373-388) and index.
650 #0 - SUBJECT ADDED ENTRY--TOPICAL TERM
Subject / Department Communication.
264 #1 - PRODUCTION, PUBLICATION, DISTRIBUTION, MANUFACTURE, AND COPYRIGHT NOTICE
Place of production, publication, distribution, manufacture Boston, MA :
Name of producer, publisher, distributor, manufacturer Cengage Learning,
Date of production, publication, distribution, manufacture, or copyright notice [2018]
300 ## - PHYSICAL DESCRIPTION
-- color illustrations ;
-- 28 cm
906 ## - LOCAL DATA ELEMENT F, LDF (RLIN)
a 7
b cbc
c orignew
d 2
e epcn
f 20
g y-gencatlg
952 ## - LOCATION AND ITEM INFORMATION (KOHA)
-- 0
-- 0
Holdings
Lost status Damaged status Permanent Location Current Location Shelving Location Date acquired Full Call Number Accession No./Barcode Date last seen item type
    Superior Information Resource Center (SIRC) Superior University- Gold Campus Superior Information Resource Center (SIRC) Superior University- Gold Campus Media 07/21/2023 302.2 WOO-C 2018 19496 07/21/2023 BOOK

Powered by Koha